000 01061nam0a2200337 4500
001 RU\NLR\bibl\197313
005 20250619091832.0
010 _a5-85897-121-0
_9500
021 _aRU
_b2001-14483
_9674
035 _a(NLR Aleph) 000193755
090 _a1121225
_c1121225
100 _a20010619d2000 |||y0rusy50 ca
101 0 _arus
102 _aRU
105 _ay |||||||||
200 1 _aПоющие родники
_e[Стихи, поэма]
_fНиколай Пугачев
210 _aБорисоглебск
_cПрихоперье
_d2000
215 _a68 с.
_d17
327 1 _aСодерж.: Стихи; Чужеземец: Поэма
675 _a821.161.1-3Пугачев
_v3
_zrus
686 _a17.82
_2rugasnti
686 _a84(2Рос=Рус)6-5
_2rubbk
686 _aШ6(2=Р)75-5
700 1 _aПугачев
_gНиколай Матвеевич
_4070
801 0 _aRU
_bRKP
_c20010619
_gPSBO
801 1 _aRU
_bRKP
_c20010619
801 2 _aRU
_bNLR
_c20011115
_grcr
942 _cBOOK
980 _aNB